书目信息 |
| 题名: |
国外标准资料概况
|
|
| 作者: | 张国华 主编 | |
| 分册: | ||
| 出版信息: | 北京 科学技术文献出版社 1986.2 |
|
| 页数: | 811页 | |
| 开本: | 26cm | |
| 丛书名: | ||
| 单 册: | ||
| 中图分类: | T-651 | |
| 科图分类: | ||
| 主题词: | 工业技术--规程 , 工业技术--标准 | |
| 电子资源: | ||
| ISBN: | ||
| 000 | 00598nam0 2200217 45 | |
| 001 | 0312221749 | |
| 005 | 20031222170906.5 | |
| 010 | @dCNY11.45 | |
| 100 | @a20031222d1986 km y0chiy0120 ea | |
| 101 | @achi | |
| 105 | @a z 000yy | |
| 200 | 1 | @a国外标准资料概况@AGuo Wai Biao Zhun Zi Liao Gai Kuang@f张国华主编@FZhang Guo Hua Zhu Bian |
| 205 | @a2版 | |
| 210 | @a北京@c科学技术文献出版社@d1986.2 | |
| 215 | @a811页@d26cm | |
| 606 | 0 | @a工业技术@x规程 |
| 606 | 0 | @a工业技术@x标准 |
| 690 | @aT-651@v3 | |
| 701 | 0 | @a张国华@4主编 |
| 801 | @aCN@bTSTCL@c20031222 | |
| 905 | @a213230@dT-651@e58=2 | |
| 国外标准资料概况/张国华主编.-2版.-北京:科学技术文献出版社,1986.2 |
| 811页;26cm |
| ISBN :CNY11.45 |
| ● |
| 相关链接 |
|
|
|
|
正题名:国外标准资料概况
索取号:T-651/58=2
 
预约/预借
| 序号 | 登录号 | 条形码 | 馆藏地/架位号 | 状态 | 备注 |
| 1 | 0164527 | 202107647 | 第二样本阅览室/ [索取号:T-651/58=2] | 在馆 |